000 00648nab a2200253 a 4500
001 59512
003 131388
005 20201118105631.0
008 ||||||n9999 ||| || ||
041 _aspa
100 _aBodemer, Klaus
245 0 _aLa globalizacion, un concepto y sus problemas
260 _aVenezuela :
_bNueva Sociedad,
_c1998.
300 _app.54-71
562 _e0
650 _aANALISIS DE TENDENCIA
650 _aDEMOCRACIA
650 _aGLOBALIZACIÓN
650 _aIMPACTO ECONOMICO
650 _aIMPACTO POLITICO
650 _aTEORÍA ECONÓMICA
773 _058328
_aNueva Sociedad - No.156
942 _cSART
999 _c59512
_d59512